000 00789nam a2200253Ia 4500
003 OSt
005 20220918182205.0
006 a|||||r|||| 00| 0
007 ta
008 220917b |||||||| |||| 00| 0 eng d
024 _a31,151
037 _cTextual
040 _aARTS
_cARTS
_beng
041 _2eng
_aeng
082 _aO111:gM, K2
100 _aCornwell Ethel F
_956872
245 0 _aStill Point
_b Theme and variations in the writings of T S Eliot , Coleridge , Yeats , Henry James , Virginia Woolf and D H Lawrence Ethel F Cornwell
260 _aNew Jersey
_bRutgers Univ Press USA
_c1962
300 _a261p.
_ccm.
500 _aBib 248p.
650 _aENGLISH LITERATURE
942 _hO111:gM, K2
_cTEXL
_2CC
999 _c168126
_d168126